000 00626cam a2200217 4500500
005 20260405003601.0
041 _afre
042 _adc
100 1 0 _aN’Diaye, Aïda
_eauthor
245 0 0 _aL’État nous protège-t-il du chaos ?
260 _c2022.
500 _a24
690 _aChaos
690 _aÉtat
690 _aHobbes
690 _aJean-Jacques Rousseau
690 _aOrdre
690 _aProtection
786 0 _nPhilosophie magazine | 163 | 10 | 2022-10-01 | p. 51-51 | 1951-1787
856 4 1 _uhttps://shs.cairn.info/magazine-philosophie-magazine-2022-10-page-51?lang=fr&redirect-ssocas=7080
999 _c2068992
_d2068991